000 00851 a2200205 4500
999 _c10463
_d10463
020 _a9781138189409 (hardback : alk. paper)
020 _a9781138189416 (pbk. : alk. paper)
050 0 0 _aGF41. EDE 2017
100 1 _aEden, Sally,
_eauthor.
245 1 0 _aEnvironmental publics /
_cSally Eden.
264 1 _aLondon ;
_aNew York :
_bRoutledge, Taylor & Francis Group,
_c2017.
300 _axi, 194 pages ;
500 _aIncludes bibliographical references and index.
504 _aIncludes bibliographical references and index.
650 0 _aHuman ecology.
650 0 _aNature
_xEffect of human beings on.
650 0 _aEnvironmental protection
_xCitizen participation.
942 _2lcc
_cBK
_h41
_iEDE
_kGN